Statystyki dla Skład Athleticu Bilbao w La Liga 2023/24

Kliknij tutaj aby rozwiązać quiz!

Ogólne statystyki

  • Ten quiz został rozwiązany 8 razy
  • Średni wynik to 10 z 25

Statystyki odpowiedzi

NumerZawodnik% Poprawnych
9Inaki Williams
100%
11Nico Williams
100%
1Unai Simon
100%
14Dani Garcia
88%
22Raul Garcia
88%
8Oihan Sancet
75%
18Oscar de Marcos
63%
7Alejandro Berenguer
38%
21Ander Herrera
38%
20Asier Villalibre
38%
10Iker Muniain
38%
13Julen Agirrezabala
38%
6Mikel Vesga
38%
4Aitor Paredes
25%
3Daniel Vivian
25%
12Gorka Guruzeta
25%
15Inigo Lekue
25%
29Malcom Adu Ares
25%
30Unai Gomez
25%
5Yeray Alvarez
25%
24Benat Prados
13%
23Peru Nolaskoain
13%
19Imanol Garcia de Albeniz
0%
16Inigo de Galarreta
0%
17Yuri Berchinche
0%

Rozkład punktacji

Percentyl według liczby udzielonych odpowiedzi

Procent ludzi z każdym wynikiem

Twoja historia wyników

Nie rozwiązałeś tego quizu